Derecho político / (Record no. 148427)

MARC details
000 -LEADER
campo de control de longitud fija 00639nam a2200193 4500
001 - NÚMERO DE CONTROL
campo de control 148427
003 - IDENTIFICADOR DE NÚMERO DE CONTROL
campo de control ES-MaACL
005 - FECHA Y HORA DE LA ÚLTIMA TRANSACCIÓN
campo de control 20230906202627.0
007 - CAMPO FIJO DE DESCRIPCIÓN FÍSICA--INFORMACIÓN GENERAL
campo de control de longitud fija t|
008 - DATOS DE LONGITUD FIJA--INFORMACIÓN GENERAL
campo de control de longitud fija 070214s1973 sp r ||||1| spa d
100 1# - ENTRADA PRINCIPAL--NOMBRE DE PERSONA
Nombre de persona Stein, Ekkehart.
9 (RLIN) 108024
245 10 - MENCIÓN DEL TÍTULO
Título Derecho político /
Mención de responsabilidad, etc. Ekkehart Stein ; traducción del alemán de Fernando Sainz Moreno ; nota preliminar de Francisco Rubio Llorente.
250 ## - MENCION DE EDICION
Mención de edición 1ª. ed.
260 ## - PUBLICACIÓN, DISTRIBUCIÓN, ETC.
Lugar de publicación, distribución, etc. Madrid :
Nombre del editor, distribuidor, etc. Aguilar,
Fecha de publicación, distribución, etc. 1973.
300 ## - DESCRIPCIÓN FÍSICA
Extensión XXXVI, 322 p. ;
Dimensiones 24 cm.
700 1# - ENTRADA AGREGADA--NOMBRE PERSONAL
Nombre de persona Rubio Llorente, Francisco.
9 (RLIN) 100424
700 1# - ENTRADA AGREGADA--NOMBRE PERSONAL
Nombre de persona Sainz Moreno, Fernando.
9 (RLIN) 101603
852 ## - LOCALIZACIÓN
Ubicación ES-MaACL
Número de control de estantería C-54721
Sublocalización o colección R.87255
Holdings
Estatus retirado Estado de pérdida Estado de daño No para préstamo Biblioteca de origen Biblioteca actual Ubicación en estantería Fecha de adquisición Fuente de adquisición Total de préstamos Signatura topográfica completa Código de barras Visto por última vez Precio de reemplazo Tipo de ítem Koha
        Biblioteca del Ateneo de Madrid Biblioteca del Ateneo de Madrid Depósito 2 17/01/2008     C-54721 1154898 23/02/2023 23/02/2023 Libro impreso